Biggest Combined Statistical Areas in the USA - Statistics

General Stats
  • This quiz has been taken 322 times
    247 since last reset
  • The average score is 68 of 100
Answer Stats
Population City/Area % Correct
18,644,680 Los Angeles
99%
23,582,649 New York City
99%
8,466,186 Boston-Worcester-Providence
98%
9,986,960 Chicago
98%
8,121,108 Dallas-Fort Worth
98%
9,973,383 Washington-Baltimore
98%
7,312,270 Houston
97%
7,379,700 Philadelphia
97%
9,714,023 San Francisco-San Jose
97%
6,930,423 Atlanta
95%
6,868,652 Miami-Fort Lauderdale
95%
4,953,421 Seattle
94%
4,899,104 Phoenix
92%
662,879 Portland-Lewiston, ME
92%
3,280,736 Portland, OR
92%
3,633,962 Cleveland-Akron
91%
5,341,994 Detroit-Ann Arbor-Flint
91%
4,222,422 Orlando
91%
2,822,352 Charlotte
90%
3,623,560 Denver
89%
671,607 Jackson
89%
4,078,788 Minneapolis-St. Paul
89%
2,576,528 San Antonio
89%
2,317,052 Las Vegas
88%
2,316,022 Cincinnati
87%
503,124 Columbus, GA
87%
2,544,048 Columbus, OH
87%
2,657,149 Pittsburgh
87%
1,243,944 Buffalo
86%
2,106,463 Raleigh-Durham
86%
1,733,937 Jacksonville
85%
2,528,644 Kansas City
85%
2,118,233 Nashville
85%
1,506,610 New Orleans
85%
2,924,904 St. Louis
85%
2,492,514 Indianapolis
83%
1,360,869 Memphis
83%
2,053,232 Milwaukee
83%
1,088,420 El Paso-Las Cruces
82%
1,498,149 Oklahoma City
82%
2,680,831 Sacramento
82%
2,701,129 Salt Lake City-Ogden-Provo
81%
1,162,523 Albuquerque
80%
1,601,309 Louisville
79%
1,350,646 Birmingham
77%
779,969 Charleston-Huntington, WV
77%
1,004,771 Omaha
77%
1,091,102 Tucson
76%
850,341 Boise
75%
1,890,162 Virginia Beach-Norfolk
75%
1,134,125 Tulsa
74%
1,182,337 Rochester
73%
1,317,395 Fresno
72%
890,322 Des Moines
71%
1,190,727 Albany-Schenectady
69%
1,482,086 Hartford
69%
912,604 Little Rock
69%
1,423,632 Grand Rapids
68%
1,695,306 Greensboro--Winston-Salem
67%
682,159 Wichita
67%
476,207 Montgomery
66%
757,146 Spokane-Coeur d'Alene
66%
738,305 Syracuse
66%
951,412 Columbia
65%
661,964 Mobile
65%
657,958 Reno-Carson City
65%
1,156,861 Knoxville
63%
1,088,875 Dayton
62%
910,246 Madison
60%
835,489 Toledo
60%
746,045 Lexington
59%
597,465 Savannah
58%
1,295,259 Harrisburg-York
57%
648,217 Huntsville-Decatur, AL
54%
1,000,303 Chattanooga
52%
645,409 Fort Wayne
51%
1,487,610 Greenville-Spartanburg
50%
525,875 Corpus Christi
49%
936,701 McAllen, TX
46%
834,094 Fayetteville, NC
45%
1,176,193 Fort Myers-Naples
45%
430,373 Shreveport
43%
425,416 Macon
36%
441,181 Brownsville
35%
812,199 South Bend-Elkhart
35%
474,019 Davenport-Moline
33%
546,579 Asheville
31%
546,662 Pensacola
30%
451,939 Cedar Rapids-Iowa City
29%
610,330 Lafayette, LA
27%
377,474 Saginaw-Midland-Bay City, MI
26%
1,054,539 Sarasota
25%
643,120 Youngstown
25%
408,945 Gainesville, FL
19%
435,216 Rockford, IL
19%
551,126 Myrtle Beach
18%
501,781 Kalamazoo-Battle Creek
17%
414,877 Appleton-Oshkosh, WI
11%
514,899 Johnson City-Kingsport-Bristol
11%
450,577 Salisbury, MD
5%
No matching quizzes found
Score Distribution
Percent of People with Each Score
Percentile by Number Answered
Your Score History
You have not taken this quiz since the last reset